| 000 | 00874nam a22001937a 4500 | ||
|---|---|---|---|
| 005 | 20241010163619.0 | ||
| 010 | _aHIN-128566 | ||
| 020 |
_a9789356845404 _c250.00 |
||
| 035 | _aHN-100912 | ||
| 037 | _bDBAD | ||
| 082 | _aक | ||
| 100 |
_aथापर, नमिता _972616 |
||
| 245 |
_aहौसलों की उड़ान: उद्यमियों पर कहानियां / _cनमिता थापर |
||
| 246 | _aThe Dolphin and the Shark: Stories on Entrepreneurship | ||
| 260 |
_aनई दिल्ली _bडायमंड पॉकेट बुक्स _c2023 |
||
| 270 |
_aX-30, ओखला इंडस्ट्रियल एरिया, फेज-2 _bनई दिल्ली _e110020 _k011-40712200 _msales@dpb.in |
||
| 300 |
_a190 पृ. _c22 सेमी (अजिल्द) |
||
| 942 |
_cHN _2ddc _hक _mथापर |
||
| 999 |
_c206280 _d206280 |
||